[Event "Kinross USSA op"]
[Site "Kinross"]
[Date "2018.07.05"]
[Round "7"]
[White "Willenberg, Chad"]
[Black "Mashigo, Hluli"]
[Result "1/2-1/2"]
[WhiteElo "1666"]
[BlackElo "1499"]
[PlyCount "89"]
[EventDate "2018.07.02"]
[EventType "swiss"]
[EventRounds "9"]
[EventCountry "RSA"]
[SourceTitle "CBM 185 Extra"]
[Source "ChessBase"]
[SourceDate "2018.07.29"]
[SourceVersion "1"]
[SourceVersionDate "2018.07.29"]
[SourceQuality "1"]

1. e4 c6 2. d3 d5 3. Nd2 e5 4. Ngf3 Bd6 5. g3 Nf6 6. Bg2 0-0 7. 0-0 a5 8. Re1 d4 9. Nc4 Re8 10. a4 Bc7 11. c3 c5 12. Na3 Nc6 13. Nb5 Bb8 14. h4 Bg4 15. Qd2 Qd7 16. Nh2 Be6 17. Qd1 b6 18. Bg5 Ng4 19. h5 Nxh2 20. Kxh2 f6 21. Bc1 dxc3 22. bxc3 Rd8 23. Bf1 Bg4 24. Be2 Bxe2 25. Rxe2 Qg4 26. Rd2 f5 27. Qxg4 fxg4 28. Rb1 Rd7 29. Na3 Bc7 30. Nc4 Rb8 31. Ne3 Rbd8 32. Nd5 Rxd5 33. exd5 Rxd5 34. Bb2 e4 35. Rbd1 Rxh5+ 36. Kg2 e3 37. Re2 exf2 38. Re8+ Kf7 39. Rc8 Bxg3 40. Kxg3 Rf5 41. Rxc6 f1Q 42. Rxf1 Rxf1 43. Kxg4 Rd1 44. d4 Rg1+ 45. Kf3 1/2-1/2

[Event "Witwatersrand op"]
[Site "Witwatersrand"]
[Date "2017.07.07"]
[Round "8.14"]
[White "Mashigo, Hluli"]
[Black "Mlungwana, Mxolisi"]
[Result "1-0"]
[WhiteElo "1470"]
[BlackElo "500"]
[PlyCount "47"]
[EventDate "2017.07.03"]
[EventType "swiss"]
[EventRounds "9"]
[EventCountry "RSA"]
[SourceTitle "EXT 2018"]
[Source "ChessBase"]
[SourceDate "2017.10.13"]
[SourceVersion "1"]
[SourceVersionDate "2017.10.13"]
[SourceQuality "1"]

1. e4 d5 2. exd5 Nf6 3. Nf3 Nxd5 4. d4 Bg4 5. Be2 e6 6. 0-0 Be7 7. h3 Bf5 8. a4 0-0 9. a5 Nd7 10. Na3 c5 11. a6 bxa6 12. Nc4 f6 13. Re1 N7b6 14. c3 Nxc4 15. Bxc4 a5 16. Nh4 Re8 17. Nxf5 exf5 18. dxc5 Kh8 19. Qxd5 Qc7 20. Qf7 Qxc5 21. Be3 Qc7 22. Bd4 Rac8 23. Bb5 Bf8 24. Bxe8 1-0